| 000 | 00995cab a2200277 4500 | ||
|---|---|---|---|
| 001 | WB2846-28 | ||
| 008 | 090401t1992 xxu||||| |||| 00| 0 eng d | ||
| 035 | _a(Sirsi) u68673 | ||
| 041 | _aeng | ||
| 245 | _aAccess to company files | ||
| 260 | _c1992 | ||
| 350 | _a0 | ||
| 490 |
_aEstates Gazette Case Summaries _v(1992) EGCS 138(2) (21/11/92) |
||
| 520 | _a"Re Brook Martin & Co (Nominees) Ltd" ChD 6 November 1992. An application by liquidators under Insolvency Act 1986 ss234 and 236 to have access to files of a company, which having set up to purchase properties for anonymous third parties and having failed to complete purchases of two properties, went into liquidation, was granted. | ||
| 650 | _aCOMPANY FILES | ||
| 650 | _aCOMPLETION | ||
| 650 | _aDAMAGES | ||
| 650 | _aINSOLVENCY ACT 1986 | ||
| 650 |
_aInsolvency _96247 |
||
| 650 | _aLIQUIDATORS | ||
| 650 | _aPROPERTY TRANSACTIONS | ||
| 650 | _aSOLICITORS | ||
| 690 | _aLAW | ||
| 942 | _n0 | ||
| 948 | _c04/03/1997 | ||
| 999 |
_c43089 _d43089 |
||